<?xml version="1.0" encoding="UTF-8"?>
<record
    xmlns:xsi="http://www.w3.org/2001/XMLSchema-instance"
    xsi:schemaLocation="http://www.loc.gov/MARC21/slim http://www.loc.gov/standards/marcxml/schema/MARC21slim.xsd"
    xmlns="http://www.loc.gov/MARC21/slim">

  <leader>00591nam a22001817a 4500</leader>
  <controlfield tag="003">LK-CoDNM</controlfield>
  <controlfield tag="005">20241216131645.0</controlfield>
  <controlfield tag="008">241216b        |||||||| |||| 00| 0 eng d</controlfield>
  <datafield tag="040" ind1=" " ind2=" ">
    <subfield code="a">LK-CoDNM</subfield>
    <subfield code="d">LK-CoDNM</subfield>
    <subfield code="e">LK-CoDNM</subfield>
  </datafield>
  <datafield tag="041" ind1=" " ind2=" ">
    <subfield code="a">sin</subfield>
  </datafield>
  <datafield tag="080" ind1=" " ind2=" ">
    <subfield code="a">8&#xDC3;&#xDD2;-1</subfield>
    <subfield code="b">AND</subfield>
  </datafield>
  <datafield tag="100" ind1=" " ind2=" ">
    <subfield code="a">&#xD94;&#xDBD;&#xDB6;&#xDDC;&#xDA9;&#xDD4;&#xDC0;&#xDDA; &#xDBB;&#xDAD;&#xDB1;&#xDB4;&#xDCF;&#xDBD; &#xDC4;&#xDD2;&#xDB8;&#xDD2; </subfield>
  </datafield>
  <datafield tag="245" ind1=" " ind2=" ">
    <subfield code="a">&#xD85;&#xDB1;&#xDCA;&#xDB0; &#xDB7;&#xDD6;&#xDAD; &#xDA2;&#xDCF;&#xDAD;&#xD9A; &#xD9A;&#xDCF;&#xDC0;&#xDCA;&#x200D;&#xDBA;&#xDBA;</subfield>
  </datafield>
  <datafield tag="260" ind1=" " ind2=" ">
    <subfield code="b">&#xDAF;&#xDDC;&#xDA9;&#xDB1;&#xDCA;&#xD9C;&#xDDC;&#xDA9;   &#xDC3;&#xDB8;&#xDCF;&#xD9C;&#xDB8; </subfield>
    <subfield code="c">&#xDB8;&#xDDC;&#xDBB;&#xDA7;&#xDD4;&#xDC0;</subfield>
    <subfield code="g">1954</subfield>
  </datafield>
  <datafield tag="300" ind1=" " ind2=" ">
    <subfield code="a">47P. ;  19 CM </subfield>
  </datafield>
  <datafield tag="650" ind1=" " ind2=" ">
    <subfield code="a">&#xDB4;&#xDD4;&#xDBB;&#xDCF;&#xDAD;&#xDAB; &#xD9C;&#xDAF;&#xDCA;&#x200D;&#xDBA;</subfield>
  </datafield>
  <datafield tag="942" ind1=" " ind2=" ">
    <subfield code="c">BK</subfield>
  </datafield>
  <datafield tag="952" ind1=" " ind2=" ">
    <subfield code="0">0</subfield>
    <subfield code="1">0</subfield>
    <subfield code="4">1</subfield>
    <subfield code="7">0</subfield>
    <subfield code="8">KAVI</subfield>
    <subfield code="a">MAIN</subfield>
    <subfield code="b">MAIN</subfield>
    <subfield code="c">REF</subfield>
    <subfield code="d">2024-12-16</subfield>
    <subfield code="l">0</subfield>
    <subfield code="o">8&#xDC3;&#xDD2;-1 AND</subfield>
    <subfield code="p">OK203</subfield>
    <subfield code="r">2024-12-16</subfield>
    <subfield code="w">2024-12-16</subfield>
    <subfield code="y">BK</subfield>
  </datafield>
  <datafield tag="999" ind1=" " ind2=" ">
    <subfield code="c">233354</subfield>
    <subfield code="d">233354</subfield>
  </datafield>
</record>
